| 000 | 01845cam a22004814i 4500 | ||
|---|---|---|---|
| 003 | PE-LiUPU | ||
| 005 | 20250731173130.0 | ||
| 008 | 150623s r 000 0 d | ||
| 020 | _a0687126541 | ||
| 035 | _a(Sirsi) i9780687126545 | ||
| 040 |
_aPE-LiUPU _bspa _cPE-LiUPU _erda |
||
| 049 | _aPRUA | ||
| 082 | 0 | 4 |
_a241 _bW77 _221 |
| 100 | 1 |
_aWogaman, J. Philip, _eautor. |
|
| 245 | 1 | 0 |
_aMaking moral decisions / _cJ. Philip Wogaman. |
| 264 | 1 |
_aNashville : _bAbingdon Press, _c1990. |
|
| 300 |
_a96 páginas ; _c20 centímetros |
||
| 336 |
_atext _2rdacontent |
||
| 337 |
_aunmediated _2rdamedia |
||
| 338 |
_avolume _2rdacarrier |
||
| 490 | 0 | _aFaithful Congregations | |
| 504 | _aIncluye bibliografía. | ||
| 505 | 0 | _aAn uncertain church in a troubled world. Is the church the place for moral dialogue?. Human resources for the church's dialogue. Intellectual resources. Avoiding pitfalls in moral argument. Ideas that have worked. Connections within the congregation. The local church and the universal church. Sources and suggested further reading. | |
| 526 | _aSEG42 | ||
| 526 | _aSEG41 | ||
| 526 | _aSEG40 | ||
| 526 | _aSEG39 | ||
| 526 | _aP94 | ||
| 526 | _aP87 | ||
| 526 | _aP86 | ||
| 526 | _aP85 | ||
| 526 | _aP77 | ||
| 526 | _aP76 | ||
| 526 | _aP35 | ||
| 650 | 0 | 4 |
_aEtica cristiana _xAutores metodistas. |
| 650 | 0 | 4 |
_aIglesia metodista (Estados Unidos) _xDoctrinas. |
| 942 |
_2ddc _cBOOK |
||
| 949 |
_a241 W77 _wDEWEY _c1 _i51588 _lCCODEBUL1 _mBUL _p8.00 _r0 _sY _tBOOK _u2015-6-24 _xTEOLOGIA _PP35 _0COMPRA _o.STAFF. Colección General |
||
| 994 |
_aC0 _bPEPRU |
||
| 596 | _a1 | ||
| 999 |
_a241 W77 _wDEWEY _c33319 _i51588 _f2021-11-10 _g5 _lCCODEBUL1 _mBUL _p8.00 _r0 _sY _tBOOK _u2015-6-24 _xTEOLOGIA _PP35 _0COMPRA _o.STAFF. Colección General _d33319 |
||
| 980 |
_81 _gALBERTO SANCHEZ Responsable de Automatización |
||